ბათუმის შოთა რუსთაველის სახელმწიფო უნივერსიტეტის ბიბლიოთეკა

აჭარის ფაუნის რეესტრი = The Register of the Fauna of Adjara / (ბიბ.ჩანაწერი № 37732)

000 -ლიდერი
ფიქსირებული სიგრძის საკონტროლო ველი 00971nam a2200205Ia 4500
001 - საკონტროლო ნომერი
საკონტროლო ველი 3707
003 - საკონტროლო ნომრის იდენტიფიკატორი
საკონტროლო ველი GE_BSU
005 - ბოლო ოპერაციის თარიღი და დრო
საკონტროლო ველი 20190620140652.0
008 - ფიქსირებული სიგრძის მონაცემთა ელემენტები - ზოგადი ინფორმაცია
ფიქსირებული სიგრძის საკონტროლო ველი 181216s||||||||xx |||||||||||||| ||und||
040 ## - კატალოგიზაციის წყარო
Transcribing agency GE_BSU
080 ## - უნივერსალური ათობითი კლასიფიკაციის ინდექსი
Universal Decimal Classification number 591.9(479.223) ა–95
245 ## - ცნობა სათაურის შესახებ
Title აჭარის ფაუნის რეესტრი = The Register of the Fauna of Adjara /
Statement of responsibility, etc სამეც. რედ. ა. ბუხნიკაშვილი; ილიას სახ. უნ–ტი; ზოოლოგიის ინ–ტი
264 ## - წარმოების, გამოცემის, დისტრიბუციის და სხვა ცნობები
გამოცემის, წარმოების, დისტრიბუციის... ადგილი თბილისი,
გამოცემის, წარმოების, დისტრიბუციის... თარიღი 2012
300 ## - ფიზიკური აღწერა
Extent 709 გვ. ;
Other physical details 29 სმ.
653 ## - INDEX TERM--UNCONTROLLED
Uncontrolled term აჭარის ფაუნა
653 ## - INDEX TERM--UNCONTROLLED
Uncontrolled term აჭარის ცხოველთა სამყარო
700 ## - ADDED ENTRY--PERSONAL NAME
Personal name ბუხნიკაშვილი, ა.
Relator term რედაქტორი
9 (RLIN) 2641
710 ## - ADDED ENTRY--CORPORATE NAME
Corporate name or jurisdiction name as entry element ილიას სახელმწ. უნ-ტი
Subordinate unit ზოოლოგიის ინ-ტი
9 (RLIN) 2648
942 ## - ADDED ENTRY ELEMENTS (KOHA)
Koha item type წიგნი
Source of classification or shelving scheme
ეგზემპლარები
ჩამოწერის სტატუსი დაკარგული ეგზემპლარის სტატუსი კლასიფიკაციის წყარო ან თაროზე გაწყობის სქემა დაზიანების სტატუსი არ გაიცემა მუდმივი მდებარეობა (დაცვის ადგილი) ამჟამინდელი ადგილსამყოფელი თაროზე განთავსების ადგილი შეძენის თარიღი სრული შენახვის შიფრი შტრიხკოდი ბოლო ოპერაციის თარიღი ეგზემპლარის მიმდევრობითი ნომერი (კეტერი?) ფასის ძალაში შესვლის თარიღი ეგზემპლარის სახეობა საჯარო შენიშვნა
          ბათუმის შოთა რუსთაველის სახელმწიფო უნივერსიტეტის მთავარი ბიბლიოთეკა ბათუმის შოთა რუსთაველის სახელმწიფო უნივერსიტეტის მთავარი ბიბლიოთეკა წიგნსაცავი 2018-12-17 591.9(479.223) ა–95 5035 2018-12-17 5035 2018-12-17 წიგნი